| 000 | 00387pam a2200181a 44500 | ||
|---|---|---|---|
| 008 | 230405s2006 xxu||||| |||| 00| 0 eng d | ||
| 041 | _aENG | ||
| 100 | _aC H Petersen | ||
| 245 | _aManagerial Economics | ||
| 250 | _a1 | ||
| 260 |
_a _bPearson _c2006 |
||
| 300 | _a622p,23cms | ||
| 440 | _a425 | ||
| 690 | _aIMRDA | ||
| 700 | _aW C Lewis | ||
| 700 | _aS K Jain | ||
| 906 | _a4285 | ||
| 999 |
_c257144 _d257144 |
||